Administratívna budova Štefánikova 13 - 15

Uložené v:
Podrobná bibliografia
Hlavný autor: Krajči, Ján (Autor)
Ďalší autori: Somorová, Viera (Vedúci práce)
Médium: Rukopis Kniha
Jazyk:Slovak
Vydavateľské údaje: 2015
Predmet:
On-line prístup:http://is.stuba.sk/zp/portal_zp.pl?podrobnosti=109745
https://opac.crzp.sk/?fn=detailBiblioForm&sid=A2EF37C6133CFD9741F505B161DD
Tagy: Pridať tag
Žiadne tagy, Buďte prvý, kto otaguje tento záznam!

MARC

LEADER 00000ntm a22000003a 4500
001 stuzp52931
003 SK-STU
005 20231023112332.7
007 ta
008 150427s2015----xo-----f-mn---000-0-slo-d
040 |a STU  |b slo 
041 0 |a slo 
100 1 |a Krajči, Ján  |u 010270  |4 aut  |U SvF Stavebná fakulta  |T SvF Katedra technológie stavieb  |X 59383  |U V270  |Y 28  |7 A000059383 
242 0 1 |a Administratívna budova Stefánikova 13 - 15  |y eng 
245 1 0 |a Administratívna budova Štefánikova 13 - 15 
260 |c 2015 
650 4 |a Facility management  |2 slo 
650 4 |a Štefánikova 13 - 15  |2 slo 
650 4 |a Výstavba  |2 slo 
650 4 |a maintenance  |2 eng 
650 4 |a Facility management  |2 eng 
650 4 |a technological project  |2 eng 
700 1 |a Somorová, Viera  |4 ths  |X 672  |7 A000000672 
856 4 |u http://is.stuba.sk/zp/portal_zp.pl?podrobnosti=109745 
856 4 |u https://opac.crzp.sk/?fn=detailBiblioForm&sid=A2EF37C6133CFD9741F505B161DD 
SQL |a stuzp52931  |b DDP  |c SLO  |d Administratívna budova Štefánikova 13 - 15  |e 59383  |f Krajči, Ján  |g 010270  |h 672  |i Somorová, Viera  |j 20150910  |k 681  |l 01  |m http://is.stuba.sk/zp/portal_zp.pl?podrobnosti=109745  |n I-TS  |o 5.2.8. stavebníctvo